Gemeinden von Grieskirchen - Statistiken

Allgemein
  • Dieses Quiz wurde 467 mal gespielt
  • Das Durchschnittsergebnis liegt bei 20 aus 33
Antworten auf der Karte
Die Antworten werden auf der Karte rot bzw. grün angezeigt, abhängig davon wie oft sie richtig erraten wurden.
 
Antwortstatistiken
Einwohner Gemeinde % Korrekt
4.984 Grieskirchen
99%
4.209 Bad Schallerbach
85%
4.661 Peuerbach
81%
2.201 Haag am Hausruck
76%
3.580 Gaspoltshofen
75%
2.497 Kallham
74%
2.809 Gallspach
72%
3.716 Waizenkirchen
72%
953 Aistersheim
71%
541 Pötting
70%
2.296 Natternbach
69%
1.480 Neumarkt im Hausruckkreis
69%
1.686 Pram
69%
1.666 Hofkirchen an der Trattnach
66%
1.715 Weibern
64%
1.638 Neukirchen am Walde
63%
1.259 Michaelnbach
62%
2.145 St. Agatha
62%
1.935 Taufkirchen an der Trattnach
62%
3.085 Wallern an der Trattnach
60%
1.440 Geboltskirchen
58%
1.567 Meggenhofen
58%
934 Tollet
55%
860 Wendling
55%
1.047 Eschenau im Hausruckkreis
53%
3.031 Schlüßlberg
52%
1.078 Steegen
48%
1.107 Rottenbach
47%
1.352 St. Georgen bei Grieskirchen
43%
702 Heiligenberg
40%
565 St. Thomas
38%
1.425 Kematen am Innbach
36%
973 Pollham
33%
Keine übereinstimmenden Quizze gefunden
Verteilung der Resultate
Anzahl Personen mit jedem Resultat
Perzentil nach korrekt beantworteten Fragen
Ihre Resultats-Entwicklung
Sie haben dieses Quiz noch nicht gespielt